000 01006cam a22002651i 4500
003 SA-RiAUC
005 20260106121607.0
008 260105s2003 ir g 000 0 ara c
020 _a9643570924
040 _aSA-JeALM
_bara
_cSA-RiAUC.
_erda
082 0 4 _a247.5
090 _a247.5
_bس ب ح
100 1 _aالسبحاني، جعفر،
_d1929-
_eمؤلف.
245 1 0 _aبحوث قرآنية في التوحيد والشرك /
_cجعفر محمد حسين السبحاني.
250 _aالطبعة الثالثة.
264 1 _aقم، إيران :
_bمؤسسة الإمام الصادق عليه السلام،
_c2006
300 _a176 صفحة ؛
_c22 سم.
336 _aنص
_btxt
_2rdacontent
_3كتاب
337 _aبدون وسيط
_bn
_2rdamedia
650 7 _aعلم الكلام في القرآن
_xشيعة
_2aucsh
650 7 _aالشرك بالله في القرآن
_vشيعة
_2aucsh
730 2 2 _aالقرآن
942 _2ddc
_cBOOK
_n0
949 _aSA-JeALM
_d260105
_uosman123
_n1
999 _c13908
_d13908